| 000 | 00755nam a2200265Ia 4500 | ||
|---|---|---|---|
| 003 | OSt | ||
| 005 | 20221006143709.0 | ||
| 006 | a|||||r|||| 00| 0 | ||
| 007 | ta | ||
| 008 | 221006b |||||||| |||| 00| 0 eng d | ||
| 020 | _cP22.50 | ||
| 024 | _a9,703 | ||
| 037 | _cTextual | ||
| 040 |
_aEASL _cEASL _beng |
||
| 041 |
_2eng _aeng |
||
| 082 | _aX428:5.41.N8, M6 | ||
| 100 |
_aJAO Y.C. Ed. _9650272 |
||
| 245 | 0 |
_aChina special economic zones _b Policies problems and prospects |
|
| 260 |
_aHong Kong _bOxford University Press _c1986 |
||
| 300 |
_a249p. _ccm. |
||
| 490 | _v CEL | ||
| 700 |
_a LEUNG C.K. Ed. _9650273 |
||
| 942 |
_hX428:5.41.N8, M6 _cTEXL _2CC |
||
| 999 |
_c1077789 _d1077789 |
||